La minería y sus relaciones con la acumulación de capital y la clase dirigente de Costa Rica, 1821 - 1841

Na minha lista:
Detalhes bibliográficos
Autor principal: Araya Pochet, Carlos
Formato: Texto
Idioma:Spanish
Publicado em: s.l :
Tags: Adicionar Tag
Sem tags, seja o primeiro a adicionar uma tag!

MARC

LEADER 00000 a a2200000 04500
001 23224
003 cru CRAI/IIS
005 20210427103759.0
008 210427b ||||| |||| 00| 0 spa d
040 |c cru CRAI/IIS 
090 |a 05.04.04 P739n 
100 1 |a Araya Pochet, Carlos  |9 9952 
245 1 3 |a La minería y sus relaciones con la acumulación de capital y la clase dirigente de Costa Rica, 1821 - 1841  
260 |a s.l :  
300 |a 55 páginas 
500 |a Colección Centroamérica 
942 |2 ddc  |c LI 
999 |c 11546  |d 11546